One Piece - Personnages possédant un fruit du démon - Mort Subite - Statistiques

Statistiques générales
  • Ce quiz a été pris 2 323 fois
    2 234 depuis la dernière actualisation
  • Le résultat moyen est 15 sur 20
Answers on the Grid
Answers color-coded by a green-red scale on the quiz's grid according to % correct below.
Barbe Blanche
Rayleigh
Mihawk
Crocodile
Bellamy
Katakuri
Carrot
Vivi
Momonosuke
Corazon
Pudding
Sabo
Mr. 3
Oden
Arlong
Tashigi
Koby
Kinemon
Cavendish
Pauly
Ener
Inuarashi
Dorry
César
Vegapunk
Sentomaru
Perona
Lucci
Kyros
Sengoku
Smoker
Koala
Hancock
Viola
Bepo
Marco
 
Statistiques - réponses
Réponse % Correct
Barbe Blanche
97%
Crocodile
89%
Bellamy
86%
Mr. 3
84%
Katakuri
83%
Momonosuke
81%
Sabo
81%
Corazon
79%
Ener
76%
Hancock
74%
Lucci
71%
Smoker
71%
Marco
68%
Sengoku
68%
César
67%
Kinemon
66%
Perona
66%
Pudding
64%
Viola
58%
Vegapunk
55%
Aucun quiz correspondant
Distribution des résultats
% des personnes avec chaque résultat
Percentile par nombre de réponses
Votre historique - résultats
Vous n’avez pas pris ce quiz depuis la dernière actualisation